| 000 | 00787nam0a22002651 4500 | ||
|---|---|---|---|
| 001 | rc\4518023 | ||
| 005 | 20250612105140.0 | ||
| 021 |
_aRU _b[63-97377] |
||
| 035 | _a(NLR Aleph) 008623407 | ||
| 090 |
_a8837478 _c8837478 |
||
| 100 | _a20130416d1963 |||y0rusy50 ca | ||
| 101 | 0 | _arus | |
| 102 | _aRU | ||
| 105 | _ay z ||||| | ||
| 200 | 1 | _aЧтобы стать коммунистом | |
| 210 |
_aМосква _cЗнание _d1963 |
||
| 215 |
_a48 с. _d22 |
||
| 225 | 1 |
_aНовое в жизни, науке, технике _h10 серия _iМолодежная _v23 |
|
| 601 | 0 | 2 |
_aКПСС _2psbo |
| 700 | 1 |
_aКашуткин _bП.В. _gПетр Викулович |
|
| 801 | 0 |
_aRU _bNLR _gpsbo |
|
| 801 | 1 |
_aRU _bELAR _2rusmarc |
|
| 852 |
_aNLR _j64-6/423 |
||
| 942 | _cBOOK | ||
| 980 | _aNB | ||